Рудин. Накануне: Романы

Dades bibliogràfiques
Autor principal: Тургенев И. С. Иван Сергеевич
Idioma:rus
Publicat: Петрозаводск, Карелия, 1971
Matèries:
Format: MixedMaterials Llibre
KOHA link:https://koha.lib.tpu.ru/cgi-bin/koha/opac-detail.pl?biblionumber=121277

MARC

LEADER 00000nam0a2200000 4500
001 121277
005 20231101215652.0
035 |a (RuTPU)RU\TPU\book\131348 
090 |a 121277 
100 |a 20070912d1971 m y0rusy50 ca 
101 0 |a rus 
102 |a RU 
105 |a a z 000ay 
200 1 |a Рудин. Накануне  |e Романы  |f И. С. Тургенев 
210 |a Петрозаводск  |c Карелия  |d 1971 
215 |a 279 с.  |c ил. 
610 1 |a русская литература 
610 1 |a романы 
675 |a Р1  |v 3 
700 1 |a Тургенев  |b И. С.  |c русский писатель  |f 1818-1883  |g Иван Сергеевич  |2 stltpush  |3 (RuTPU)RU\TPU\pers\1039  |9 462 
801 1 |a RU  |b 63413507  |c 20070912  |g PSBO 
942 |c BK